Land vs. Land #68 - Statistiken

Allgemein
  • Dieses Quiz wurde 21 mal gespielt
  • Das Durchschnittsergebnis liegt bei 12 aus 14
Antwortstatistiken
Frage Antwort % Korrekt
...Lebenserwartung? Südkorea🇰🇷
100%
...durchschnittlicher IQ? Südkorea🇰🇷
100%
...Gewinner? Südkorea🇰🇷
100%
...Fläche? Peru🇵🇪
95%
...Bruttoinlandsprodukt? Südkorea🇰🇷
95%
...Bruttoinlandsprodukt pro Kopf? Südkorea🇰🇷
95%
...Militär? Südkorea🇰🇷
95%
...HDI (Human Development Index)? Südkorea🇰🇷
95%
...Gesundheitswesen? Südkorea🇰🇷
95%
...Exportmengen? Südkorea🇰🇷
95%
...Einwohner? Südkorea🇰🇷
74%
...Tourismus? Südkorea🇰🇷
63%
...Happy Planet Index? Peru🇵🇪
42%
...Frieden? Südkorea🇰🇷
42%
Keine übereinstimmenden Quizze gefunden
Verteilung der Resultate
Anzahl Personen mit jedem Resultat
Perzentil nach korrekt beantworteten Fragen
Ihre Resultats-Entwicklung
Sie haben dieses Quiz noch nicht gespielt